000 00309nam a22001337a 4500
008 181221b xxu||||| |||| 00| 0 eng d
020 _a9780070529731
041 _aeng
080 _23 TH
_a316
100 _a50
101 _aSOC
245 _aContemporary Sociological Theory
_cRitzer.G
942 _2udc
_cBK
999 _c53616
_d53616